01005nam a2200241 i 4500001000300000245009400003260006900097300003600166490007600202500006500278504002400343546005100367650003000418700004000448830007700488022001300565040000800578041001800586044000800604080001200612008004100624856009800665bg0 aTechnika komputerowa w systemach transportowych /c[kom red. Mirosława Dąbrowa-Bajon]. aWarszawa :bOficyna Wydawnicza Politechniki Warszawskiej,c2007. a142 s. :brys., wykr. ;c24 cm.1 aPrace Naukowe / Politechnika Warszawska. Transport,x1230-9265 ;vz. 61 aTyt. nagł. serii : Prace Naukowe Politechniki Warszawskiej. aBibliogr. przy art. aTekst częśc. ang. Streszcz. ang. przy art. 9aTransportxkomputeryzacja1 aDąbrowa- Bajon, Mirosława.eRed. 0aPrace Naukowe - Politechnika Warszawska.pTransport,x0130-9265 ;vz. 61 a12309265 cBPK apolaengbeng aPOL a656:004 s pl f |000 0 pol  uhttp://koha.tu.koszalin.pl/cgi-bin/koha/opac-detail.pl?biblionumber=55071yKatalog online BPK